| 000 | 00467nam a2200181Ia 4500 | ||
|---|---|---|---|
| 003 | GCL | ||
| 008 | 140319s9999 xx 000 0 eng d | ||
| 040 |
_aGCL / _cGCL |
||
| 082 | 0 | 4 |
_a33.4791 _bL T |
| 100 | 1 | _aSTAVERLA, MINT | |
| 245 | 1 | 0 |
_aTOVRISM ECONOMICS / _cSTAVERLA, MINT |
| 700 | 1 | _aLUNDBERG,DONALD | |
| 700 | 1 | _aKRISHRAMOORTHY,M | |
| 260 |
_a[S.N] : _bJOHN WILEY AND SONS. INC ، _c1995 |
||
| 300 | _a196.1 | ||
| 650 | 0 | 4 | _aTOURIST TRADE |
| 942 |
_2ddc _cBK |
||
| 999 |
_c12612 _d12612 |
||